Henry Stickmin Collection, all fails. - Statistics

General Stats
  • This quiz has been taken 29 times
    20 since last reset
  • The average score is 44 of 342
Answer Stats
Episode Fail % Correct
Breaking The Bank | Escaping The Prison | Fleeing The Complex | Infiltrating The Airship Teleporter
89%
Fleeing The Complex | Infiltrating The Airship Charles
78%
Completing The Mission Ellie
67%
Escaping The Prison Window (File)
67%
Completing The Mission Bribe (Act)
56%
Completing The Mission | Stealing The Diamond Jump
56%
Breaking The Bank | Infiltrating The Airship Laser
56%
Breaking The Bank Shovel
56%
Breaking The Bank Wrecking Ball
56%
Completing The Mission | Infiltrating The Airship | Stealing The Diamond Bomb
44%
Stealing The Diamond Cheese
44%
Stealing The Diamond Crowbar
44%
Infiltrating The Airship Dark Energy Bomb
44%
Completing The Mission Leap
44%
Completing The Mission Right Hand Man
44%
Completing The Mission | Fleeing The Complex Rocket
44%
Completing The Mission The Wall
44%
Infiltrating The Airship Banana Bomb
33%
Completing The Mission Chainsaw
33%
Fleeing The Complex Distract
33%
Completing The Mission Ellie's Plan
33%
Infiltrating The Airship Falcon Kick
33%
Stealing The Diamond Falcon Punch
33%
Stealing The Diamond Leet '/. Zero
33%
Escaping The Prison Opacitator
33%
Fleeing The Complex Play Dead
33%
Fleeing The Complex Snipe
33%
Fleeing The Complex Surrender
33%
Fleeing The Complex Tall Guy
33%
Fleeing The Complex Tank
33%
Infiltrating The Airship Acid
22%
Fleeing The Complex Bail
22%
Completing The Mission Battering Ram
22%
Escaping The Prison Belt of Grenades
22%
Stealing The Diamond Bribe
22%
Infiltrating The Airship C4
22%
Completing The Mission | Stealing The Diamond Cannon
22%
Completing The Mission Catapult
22%
Completing The Mission Chance Time
22%
Completing The Mission Charge
22%
Completing The Mission Charles's Plan
22%
Infiltrating The Airship Clawpack
22%
Fleeing The Complex Cookie
22%
Completing The Mission Cupcake
22%
Completing The Mission Dance-Off
22%
Stealing The Diamond QTE Diamond (Scooter)
22%
Infiltrating The Airship Disguise
22%
Completing The Mission Dogpile
22%
Completing The Mission Drill
22%
Stealing The Diamond Drive
22%
Completing The Mission Eject
22%
Infiltrating The Airship Elevator
22%
Breaking The Bank Explosives
22%
Fleeing The Complex Fake Illnes
22%
Infiltrating The Airship Flashbang
22%
Completing The Mission Fusion
22%
Infiltrating The Airship Gatling Gun
22%
Completing The Mission | Infiltrating The Airship Hack
22%
Completing The Mission Hand
22%
Completing The Mission Helicopter
22%
Completing The Mission Hijack
22%
Infiltrating The Airship Knock
22%
Stealing The Diamond Laser Cutter
22%
Escaping The Prison Left (Vent)
22%
Infiltrating The Airship Missile
22%
Completing The Mission Net
22%
Fleeing The Complex Neurotoxin
22%
Completing The Mission None
22%
Completing The Mission | Escaping the Prison | Infiltrating The Airship Parachute
22%
Fleeing The Complex Pickpocket
22%
Completing The Mission Prop
22%
Infiltrating The Airship PSI (YoYo)
22%
Stealing The Diamond Rifle
22%
Fleeing The Complex Slingshot
22%
Completing The Mission SMASH
22%
Completing The Mission Summon
22%
Completing The Mission Throw
22%
Fleeing The Complex Tool Gun
22%
Fleeing The Complex Truck
22%
Infiltrating The Airship Warp
22%
Completing The Mission Window
22%
Completing The Mission Abandon
11%
Completing The Mission Absorb
11%
Fleeing The Complex Adrenaline
11%
Fleeing The Complex Air Bag
11%
Completing The Mission Airship
11%
Stealing The Diamond Alien
11%
Completing The Mission Baseball Bat
11%
Infiltrating The Airship Bash (YoYo)
11%
Infiltrating The Airship Beef Up
11%
Completing The Mission Big Sword
11%
Infiltrating The Airship Boost
11%
Fleeing The Complex Bounce Bros
11%
Fleeing The Complex Box
11%
Stealing The Diamond Branch
11%
Completing The Mission Bug Juice
11%
Completing The Mission Build
11%
Fleeing The Complex Building
11%
Fleeing The Complex Bungee
11%
Completing The Mission By Air
11%
Completing The Mission By Land
11%
Completing The Mission QTE Combo Time!
11%
Fleeing The Complex Command Melody
11%
Infiltrating The Airship Computer
11%
Infiltrating The Airship Defend (YoYo)
11%
Completing The Mission | Stealing The Diamond Drop
11%
Completing The Mission Earth
11%
Completing The Mission Emerald
11%
Infiltrating The Airship Expanding Foam
11%
Infiltrating The Airship Fight (Dirk)
11%
Completing The Mission Finish Him
11%
Completing The Mission Fire
11%
Completing The Mission Full Speed
11%
Infiltrating The Airship G.A.B.E.N.
11%
Stealing The Diamond Goodball
11%
Completing The Mission Hammer
11%
Completing The Mission Harden
11%
Fleeing The Complex Hide
11%
Completing The Mission Hot Knife
11%
Completing The Mission Hunker
11%
Infiltrating The Airship I Don't Need Your Help!
11%
Stealing The Diamond Invisibility Pill
11%
Escaping The Prison JetPack
11%
Infiltrating The Airship Joy Buzzer
11%
Stealing The Diamond Kick
11%
Completing The Mission Knife
11%
Completing The Mission Lift
11%
Completing The Mission Limbo
11%
Completing The Mission Lockpick
11%
Completing The Mission Luxury (Escape Pod)
11%
Infiltrating The Airship Magic (Dirk)
11%
Fleeing The Complex Magnet
11%
Completing The Mission Mannequin
11%
Infiltrating The Airship Metal Fist
11%
Completing The Mission Midnight Suprise
11%
Infiltrating The Airship Mind Control
11%
Completing The Mission Mr. Mcbeth (Fight)
11%
Completing The Mission Normal (Escape Pod)
11%
Escaping The Prison NrG Drink
11%
Completing The Mission Panel
11%
Completing The Mission Phantom (Nuke)
11%
Stealing The Diamond Plane
11%
Completing The Mission Plead
11%
Completing The Mission Pole Vault
11%
Infiltrating The Airship Propane Tank
11%
Completing The Mission Ramp
11%
Completing The Mission Remote
11%
Infiltrating The Airship Retroglove
11%
Completing The Mission Revolver
11%
Completing The Mission Rewire
11%
Escaping The Prison Rocket Launcher
11%
Completing The Mission Rock Paper Scissors
11%
Completing The Mission | Escaping The Prison Rope
11%
Fleeing The Complex Sandwich
11%
Infiltrating The Airship Shell
11%
Fleeing The Complex Shoot
11%
Stealing The Diamond Shrink Ray
11%
Completing The Mission Sleep Dart
11%
Infiltrating The Airship Sleeping Gas
11%
Stealing The Diamond Snap Neck
11%
Fleeing The Complex Sonic Wave
11%
Infiltrating The Airship Spikes
11%
Fleeing The Complex Spring
11%
Fleeing The Complex S.S. Annie
11%
Completing The Mission Stage
11%
Completing The Mission Stealth
11%
Completing The Mission Swords
11%
Completing The Mission The Good Gents
11%
Fleeing The Complex The KNEE
11%
Completing The Mission Toppy
11%
Infiltrating The Airship Umbrella
11%
Completing The Mission Umbrella (Control Tower)
11%
Fleeing The Complex Undercover Agent
11%
Completing The Mission Walktrough
11%
Completing The Mission Wallclip
11%
Fleeing The Complex Warp Star
11%
Completing The Mission Wrench
11%
Completing The Mission Air Bubble
0%
Stealing The Diamond Anti-Gravity Cap
0%
Escaping The Prison QTE Back Lobby
0%
Fleeing The Complex Balance
0%
Infiltrating The Airship Ball 'n Chain
0%
Completing The Mission Barrell Roll
0%
Stealing The Diamond Basket
0%
Completing The Mission Beam Aboard
0%
Fleeing The Complex Blend In
0%
Infiltrating The Airship Blitz (Dirk)
0%
Completing The Mission Boomerang
0%
Fleeing The Complex Boxer
0%
Completing The Mission | Stealing The Diamond QTE Bridge
0%
Fleeing The Complex Bubble shield
0%
Fleeing The Complex Button
0%
Fleeing The Complex QTE Car Chase
0%
Completing The Mission Catch
0%
Escaping The Prison QTE | EscapingThe Prison QTE 2 Cell Block
0%
Completing The Mission Climb
0%
Completing The Mission Climb Down And Run
0%
Completing The Mission QTE Closed Entrance
0%
Completing The Mission Close-Quarters Combat
0%
Completing The Mission Cloud
0%
Completing The Mission Cluster Charge
0%
Completing The Mission QTE Collapse!
0%
Completing The Mission Commandeer
0%
Completing The Mission Communications Satellite
0%
Completing The Mission Controller+RPG
0%
Completing The Mission Controller+Wings
0%
Completing The Mission CorrupTick
0%
Fleeing The Complex Costume
0%
Completing The Mission Disguise Kit
0%
Completing The Mission Downgrader
0%
Completing The Mission QTE Driving Up The Ramp
0%
Completing The Mission Drop Off
0%
Completing The Mission Duplicatorange
0%
Fleeing The Complex Earthbend
0%
Escaping The Prison Evidence
0%
Completing The Mission Fire Missiles
0%
Stealing The Diamond Flail
0%
Completing The Mission Force Lift
0%
Completing The Mission G-Inverter
0%
Completing The Mission Grapple
0%
Fleeing The Complex Gravitor v2.0
0%
Infiltrating The Airship Gravity Bubble
0%
Infiltrating The Airship Gravity Manipulator
0%
Fleeing The Complex Grenade+Crossbow
0%
Fleeing The Complex Grenade+Taser
0%
Completing The Mission Gun Forme
0%
Fleeing The Complex Gunner
0%
Fleeing The Complex Hole In Grid
0%
Completing The Mission Infini3
0%
Completing The Mission Inner Strength
0%
Completing The Mission Inside
0%
Completing The Mission Invisible Platform
0%
Completing The Mission IR Sniper
0%
Completing The Mission Items
0%
Infiltrating The Airship JetBoots
0%
Completing The Mission Jetpod
0%
Completing The Mission Join The Caravan
0%
Fleeing The Complex Judo Throw
0%
Stealing The Diamond Jumble Hoppers
0%
Fleeing The Complex Jump Off The Edge
0%
Completing The Mission QTE Jungle Trail
0%
Stealing The Diamond Lance
0%
Completing The Mission Laod Save
0%
Infiltrating The Airship L.Cut mk.I
0%
Completing The Mission Leafmode
0%
Completing The Mission Lightspeed
0%
Stealing The Diamond Liquidificator
0%
Fleeing The Complex Longshot
0%
Infiltrating The Airship Magic Pencil
0%
Stealing The Diamond QTE Medieval Hall
0%
Completing The Mission Meltray
0%
Infiltrating The Airship Metal Bend
0%
Completing The Mission Mind Crystal
0%
Completing The Mission Moon
0%
Completing The Mission Needle
0%
Infiltrating The Airship Ninja Star
0%
Stealing The Diamond Nuke
0%
Completing The Mission Painting Portal
0%
Stealing The Diamond QTE Parking Lot
0%
Fleeing The Complex Pass By
0%
Completing The Mission Pinchers
0%
Infiltrating The Airship Platform
0%
Fleeing The Complex Plunger Boots
0%
Stealing The Diamond QTE Police Chase (Car)
0%
Stealing The Diamond QTE Police Chase (Helicopter)
0%
Completing The Mission Positron Reflector
0%
Completing The Mission Power Button
0%
Escaping The Prison QTE Prison Entrance
0%
Completing The Mission Purse Of Holding
0%
Infiltrating The Airship QTE Quarters Hallway
0%
Infiltrating The Airship QTE Records Library
0%
Infiltrating The Airship Remote Access
0%
Infiltrating The Airship Robo Pants
0%
Completing The Mission Rope+RPG
0%
Stealing The Diamond Satellite
0%
Completing The Mission Save State
0%
Completing The Mission Self-Destruct
0%
Fleeing The Complex Shadozer
0%
Completing The Mission Shell Bounce
0%
Infiltrating The Airship Shut Off The Power
0%
Completing The Mission Sit
0%
Fleeing The Complex Sniper Rifle+Crossbow
0%
Completing The Mission QTE Solar Panel Dash
0%
Completing The Mission QTE Space Scooter
0%
Completing The Mission Spare (Mercy)
0%
Fleeing The Complex Speed Shoes
0%
Completing The Mission Spirit Forme
0%
Fleeing The Complex Sprint
0%
Stealing The Diamond Sticky Grenade
0%
Completing The Mission Stomp
0%
Infiltrating The Airship Stretch Chewies
0%
Completing The Mission Style on 'em
0%
Completing The Mission Subsonic Wave
0%
Completing The Mission Super Accurate Laser Shot
0%
Completing The Mission Super Henry
0%
Completing The Mission Super Punch
0%
Completing The Mission Sweep The Legs
0%
Completing The Mission QTE Tethered
0%
Infiltrating The Airship Thruster
0%
Completing The Mission Time Freeze
0%
Completing The Mission QTE Top Of The Rocket
0%
Completing The Mission QTE Top Of The Train
0%
Completing The Mission Toppat Box
0%
Completing The Mission QTE Traintop Assault
0%
Completing The Mission QTE Traintop Sprint
0%
Stealing The Diamond Tranqulizer
0%
Infiltrating The Airship Transdimensionalizer
0%
Fleeing The Complex QTE Transfer Cells Blockade
0%
Fleeing The Complex QTE Transfer Cells Hallway
0%
Completing The Mission TV Broadcast
0%
Completing The Mission Underbarrel Grenade Launcher
0%
Completing The Mission Very Accurate Targetting System
0%
Infiltrating The Airship QTE Warehouse
0%
Fleeing The Complex Web Throw
0%
Completing The Mission Wings (Rocket Entrance)
0%
Infiltrating The Airship Wizard Magic
0%
Stealing The Diamond Wormhole Rifle
0%
Stealing The Diamond QTE WWII Exhibit
0%
Infiltrating The Airship Zero-Point Gravity
0%
No matching quizzes found
Score Distribution
Percent of People with Each Score
Percentile by Number Answered
Your Score History
You have not taken this quiz since the last reset